Stupid Spring Jokes Quiz Stats

 Plays Quiz Updated Apr 30, 2018

Score 0/20 Timer 07:00
4 Plays Today
% Correct
A comedi-hen
91.4%
A rainbow
90.5%
No, but April May
90.1%
So excited he wet his plants
90%
During Ape-ril showers
89.6%
They've just finished a long March
89.5%
With a honeycomb
89.4%
Where in Earth have you been?
89.1%
It lost its petals
89%
A rash of good luck
88.7%
% Correct
Prankenstein
88.3%
Tulips
88.2%
Tweetment
87.7%
It's been nice gnawing you
87.6%
Spring time
87.4%
A bee comes after it
87.3%
You're really growing, Bud
86.7%
Umbrellas
80.5%
I'm going to fall!
79.6%
Pilgrims
71.3%

You're not logged in!

Compare scores with friends on all Sporcle quizzes.
OR
Log In

Sporcle TV

Today on Sporcle TV


Watch our educational content, quiz creation guides, and fun videos on Sporcle TV.

Show Comments

Extras

Top Quizzes Today


Score Distribution

Your Account Isn't Verified!

In order to create a playlist on Sporcle, you need to verify the email address you used during registration. Go to your Sporcle Settings to finish the process.

Report this User

Report this user for behavior that violates our Community Guidelines.

Details: